00700nam a22001697a 4500003000900000008004100009040007100050082001800121100002300139245008200162260004900244300002800293505013700321650001500458650001700473700004000490AR-CdUCM190516b ||||| |||| 00| 0 spa d aMUNICIPALIDAD PROVINCIAL DEL CUSCOcBIBLIOTECA MUNICIPAL DEL CUSCO a330.19 /bL29 aLauterbach, Albert aFronteras psicológicas de la economía :bhombre, motivaciones y dinero /  aBuenos Aires :bBibliografía Omeba,c1953. a284 páginas ;c24 cm. aContenido: La motivación en la actividad mercantil -- Como se negocia -- Inestabilidad socioeconómica e inseguridad personal ... aEconomía aPsicología aGore de Lerner, Alicia (traductora)